000 00784nam a2200193 a 4500
008 120416s1994 ||||||||||||||||| || u
020 _a0889367213
050 _aZ 674.4 Hor
100 _aHorton, Forest Woddy
245 1 0 _aAnalyzing benefits and costs : a guide for information managers /
260 _aOttawa, Ont., Canada :
_bIDRC
_c1994
300 _axii, 285p. : ill.
350 _a0.00
650 _aINFORMATION
650 _aInformation services - Cost effectiveness
650 _aInformation services - Developing countries - Cost effectiveness
710 _aInternational Development Research Centre (Canada)
995 _D0.00
_FCBU-MAIN LIBRARY (Kitwe)
_H1
_I13.95
_M1
_UAVAILABLE
_ZAnnex Low-Usage Collection
999 _c34377
_d34377